Zatiaľ po starom kúpeľná starostlivosť v roku 1998

Slovenská poisťovňa uzatvorila kúpne zmluvy o zakúpení poukazov s akciovými spoločnosťami prírodných liečebných kúpeľov na I. štvrťrok 1998. Záujem o kúpeľnú starostlivosť zo strany občanov. Zásady jednotného postupu pobočiek Sociálnej poisťovne pre výber uchádzačov na kúpeľnú starostlivosť.

Saved in:
Bibliographic Details
Main Author: Majtánová, Veronika
Format: Book Chapter
Language:Slovak
Subjects:
Tags: Add Tag
No Tags, Be the first to tag this record!

MARC

LEADER 00000naa a2200000 4500
001 r032826
005 20230922131001.0
041 0 |a slo 
044 |a SK 
245 1 0 |a Zatiaľ po starom  |b kúpeľná starostlivosť v roku 1998  |c Veronika Majtánová 
520 |a Slovenská poisťovňa uzatvorila kúpne zmluvy o zakúpení poukazov s akciovými spoločnosťami prírodných liečebných kúpeľov na I. štvrťrok 1998. Záujem o kúpeľnú starostlivosť zo strany občanov. Zásady jednotného postupu pobočiek Sociálnej poisťovne pre výber uchádzačov na kúpeľnú starostlivosť. 
610 2 0 |a starostlivosť kúpeľná 
610 2 0 |a kúpele 
610 2 0 |a liečenie kúpeľné 
610 2 0 |a Slovensko 
610 2 0 |a Sociálna poisťovňa, a.s. Bratislava 
610 2 0 |a 1998 
100 1 |a Majtánová, Veronika